Statistics for Most Populated Countries Containing 'S'

Click here to take the quiz!

General Stats

  • This quiz has been taken 252 times
  • The average score is 15 of 20

Answer Stats

PopulationCountry% Correct
322 mil.United States
96%
47 mil.Spain
95%
146 mil.Russia
93%
54 mil.South Africa
93%
257 mil.Indonesia
92%
51 mil.South Korea
88%
191 mil.Pakistan
87%
38 mil.Sudan
86%
23 mil.Australia
82%
31 mil.Saudi Arabia
80%
159 mil.Bangladesh
79%
102 mil.Philippines
77%
30 mil.Malaysia
66%
26 mil.Afghanistan
65%
17 mil.Kazakhstan
64%
23 mil.Syria
60%
31 mil.Uzbekistan
60%
20 mil.Sri Lanka
46%
22 mil.Madagascar
36%
18 mil.Burkina Faso
26%

Score Distribution

Percentile by Number Answered

Percent of People with Each Score

Your Score History

You have not taken this quiz